00918 2200313 4500001002100000005001500021035002000036007000300056008004100059020002200100082001200122084001400134100003000148245006900178250002600247300003700273650001700310700002700327264004400354336002100398337003000419338002300449040002200472090002200494850001200516504003200528999002200560990002200582INLIS00000000088141720230901094926 a0010-0923000009ta230901 2023 a g ind  a978-623-8151-03-504223a635 a635 NIL b3 aNi Luh SurianiePengarang10aBuku ajar hortikultura /cNi Luh Suriani; penyunting, Agus Manto aCetakan pertama, 2023 ax, 67 halaman :bgambar ;c25 cm 4aHortikultura0 aAgus MantoePenyunting31aBantul :bThe Journal Publishing,c2023 2rdacontentateks 2rdamediaatanpa perantara 2rdacarrieravolume aYOPDYOGbindcrda aCB-D.11 2023-1837 aYOPDYOG aBibliografi : halaman 65-66 aCB-D.11/2023-1837 aCB-D.11/2023-1837